000 01041nam0a2200277 4500
001 RU\NLR\BIBL_A\011239091
005 20250626032809.0
010 _a978-5-906701-81-7
_9500
021 _aRU
_b2016-67489
_94332
035 _a(NLR Aleph) 011239091
090 _a12111976
_c12111976
100 _a20161012d2016 |||y0rusy50 ca
101 0 _atat
102 _aRU
105 _ay z 000 y
200 1 _aТашлы туфрак
_e[повесть, хикәяләр, юлъязмалар]
_fРалия Кәримова
210 _aКазан
_cИхлас
_d2016
215 _a143 б.
_d21
541 1 _6z01790
_aКаменистая почва
_e[повесть, рассказы, путевые заметки].
_zrus
686 1 _aШ6(2=Тат)7-4
700 1 _aКәримова
_bР. Г. кызы
_f1951-
_gРалия Гата кызы
_4070
790 1 _6z01541
_aКаримова
_bР. Г.
_f1951-
_gРалия Гатаувна
_4070
852 _aNLR
_bОНЛ
_jТатар./3-14834
942 _cBOOK
980 _aNB